000 00765nam a2200265 a 4500
001 49592
003 BD-RjUL
005 20211209054711.0
008 160821s1974 enka b 000 0 eng
020 _a0710079206 :
_c£3.00.
_a0710079214
035 _a(BD-RjUL)49711
040 _aDLC
_cDLC
_dDLC
_beng
041 _aeng
082 0 0 _a361.3
_223
_bSHS 1974
100 1 _aShaw, John,
_d1929-
_9148728
245 1 4 _aThe self in social work /
_cJohn Shaw.
260 _aLondon :
_bRoutledge and Kegan Paul,
_c1974.
300 _axiii, 109 p. :
_bill. ;
_c22 cm.
490 0 _aLibrary of social work
504 _aBibliography: p. 107-109.
650 0 _aSocial service.
_9148729
650 0 _aSelf-realization.
_9148730
942 _2ddc
_cBK
999 _c49592
_d49592